00427nam a22001337a 4500008004100000040001800041041000800059100003600067245008400103260004500187300001800232650002300250650002000273130821s1922 fr gr fre  aCo-BoUCMbspa00afre aShakespeare, Williamd1564-161600aLa tragédie de MacbethcWillian Shakespeare ; traduction de Jules Derocquigny aParís (Francia)bJ. M. Dent Filsc1922 a182 páginas04aLiteratura inglesa04aTeatro inglés